Sino-Indian Ties Under Modi: (Record no. 205171)
[ view plain ]
| 000 -LEADER | |
|---|---|
| fixed length control field | 00996nam a22002177a 4500 |
| 005 - DATE AND TIME OF LATEST TRANSACTION | |
| control field | 20251029144153.0 |
| 010 ## - LCCN (DPL NO) | |
| LC control number | ENG-141362 ENG-147007 |
| 020 ## - INTERNATIONAL STANDARD BOOK NUMBER | |
| International Standard Book Number | 9788119798896 |
| Terms of availability | 499.00 |
| 035 ## - SYSTEM CONTROL NUMBER | |
| System control number | EN-124894 |
| 035 ## - SYSTEM CONTROL NUMBER | |
| System control number | EN-130539 |
| 037 ## - SOURCE OF ACQUISITION | |
| Source of stock number/acquisition | DBAD |
| 082 ## - DEWEY DECIMAL CLASSIFICATION NUMBER | |
| Classification number | 327.54051 |
| 245 ## - TITLE STATEMENT | |
| Title | Sino-Indian Ties Under Modi: |
| Remainder of title | Rising to the China Challennge/ |
| Statement of responsibility, etc | Edited By Harsh V Pant [and] Kalpit A Mankikar |
| 260 ## - PUBLICATION, DISTRIBUTION, ETC. (IMPRINT) | |
| Place of publication, distribution, etc | New Delhi |
| Name of publisher, distributor, etc | Har Anand Publications Pvy Ltd |
| Date of publication, distribution, etc | 2024 |
| 270 ## - ADDRESS | |
| Address | E-49/3, Okhla Industrial Area, Phase-II |
| City | New Delhi |
| Postal code | 110020 |
| State or province | New Delhi |
| Telephone number | 011-41603490 |
| Fax number | 011-41708607 |
| Electronic mail address | info@haranandpublications.com |
| 300 ## - PHYSICAL DESCRIPTION | |
| Extent | 119p. |
| Dimensions | 23cm(hb) |
| 700 ## - ADDED ENTRY--PERSONAL NAME | |
| Personal name | Pant , Harsh V |
| Relator term | Editor |
| 9 (RLIN) | 70377 |
| 700 ## - ADDED ENTRY--PERSONAL NAME | |
| Personal name | Mankikar, Kalpit A |
| Relator term | Editor |
| 9 (RLIN) | 70378 |
| 942 ## - ADDED ENTRY ELEMENTS (KOHA) | |
| Source of classification or shelving scheme | Dewey Decimal Classification |
| Item type | English Books |
| Classification part | 327.54051 |
| Call number suffix | SIN |
| Withdrawn status | Lost status | Not for loan | Collection code | Home library | Current library | Date acquired | Source of acquisition | Cost, normal purchase price | Full call number | Barcode | Copy number | Cost, replacement price | Koha item type |
|---|---|---|---|---|---|---|---|---|---|---|---|---|---|
| Non-fiction | Central Library | Central Library | 21/08/2024 | Delivery of Books Act Division | 499.00 | 327.54051 SIN | EN-124894 | 1 | 499.00 | English Books | |||
| Non-fiction | RC3 Aruna Nagar | RC3 Aruna Nagar | 29/10/2025 | Delivery of Books Act Division | 499.00 | 327.54051 SIN | EN-130539 | 1 | 499.00 | English Books |
